Bays and Gulfs - Statistics

General Stats
  • This quiz has been taken 48 times
    26 since last reset
  • The average score is 11 of 13
Answer Stats
Location Gulf / Bay % Correct
Gulf between Mexico and United States Gulf of Mexico
100%
Bay between India, Bangladesh and Myanmar Bay of Bengal
95%
Bay on the north coast of Ontario and Manitoba Hudson Bay
95%
Gulf between Iran and Saudi Arabia Persian Gulf
95%
Bay between Baffin island and Greenland Baffin Bay
90%
Bay between France and Spain Bay of Biscay
90%
Gulf between Mexico and Baja California Gulf of California
90%
Gulf between Yemen and Somalia Gulf of Aden
80%
Gulf off south coast of Alaska Gulf of Alaska
80%
Gulf between Oman and Iran Gulf of Oman
70%
Gulf between Thailand and Cambodia Gulf of Thailand
70%
Gulf on the northeasternmost part of the tropical Atlantic Ocean Gulf of Guinea
65%
Gulf between New Brunswick and Newfoundland Gulf of Saint Lawrence
55%
No matching quizzes found
Score Distribution
Percent of People with Each Score
Percentile by Number Answered
Your Score History
You have not taken this quiz since the last reset